Southville International School and Colleges
Your cart is empty.
  • Cart
  • Lists
    Public lists Eva Luna New books Lux_list list_1
    Your lists Log in to create your own lists
  • Log in to your account
  • Your cookies
  • Search history
Southville International School and Colleges
  • Advanced search
  • Recent comments
  • Most popular
  • Libraries

Log in to your account

Log in with GOOGLE


If you do not have an external account, but do have a local account, you can still log in:

  1. Home
  2. MARC view: Bioethics for students /
Normal view MARC view ISBD view

Bioethics for students / (Record no. 13514)

[ view plain ]
MARC details
000 -LEADER
fixed length control field 00532nam a22001937a 4500
003 - CONTROL NUMBER IDENTIFIER
control field OSt
005 - DATE AND TIME OF LATEST TRANSACTION
control field 20140310182440.0
008 - FIXED-LENGTH DATA ELEMENTS--GENERAL INFORMATION
fixed length control field 130402t xxu||||| |||| 00| 0 eng d
020 ## - INTERNATIONAL STANDARD BOOK NUMBER
International Standard Book Number 9715063519
050 ## - LIBRARY OF CONGRESS CALL NUMBER
Classification number R 724
Item number .Al172 2006
100 ## - MAIN ENTRY--PERSONAL NAME
Personal name Alora, Dr. Angeles Tan.
9 (RLIN) 7885
245 ## - TITLE STATEMENT
Title Bioethics for students /
Statement of responsibility, etc Angeles Tan Alora.
260 ## - PUBLICATION, DISTRIBUTION, ETC. (IMPRINT)
Place of publication, distribution, etc Manila :
Name of publisher, distributor, etc UST Publishing House,
Date of publication, distribution, etc 2006.
300 ## - PHYSICAL DESCRIPTION
Extent 89 p. :
Dimensions 23 cm.
650 ## - SUBJECT ADDED ENTRY--TOPICAL TERM
Topical term or geographic name as entry element Bioethics.
9 (RLIN) 7320
650 ## - SUBJECT ADDED ENTRY--TOPICAL TERM
Topical term or geographic name as entry element Medical Ethics.
9 (RLIN) 7324
942 ## - ADDED ENTRY ELEMENTS (KOHA)
Source of classification or shelving scheme Library of Congress Classification
Koha item type
Holdings
Withdrawn status Lost status Source of classification or shelving scheme Damaged status Home library Current library Shelving location Date acquired Total Checkouts Full call number Barcode Date last seen Copy number Price effective from Koha item type
    Library of Congress Classification   South SEED-LPDH College Library South SEED-LPDH College Library South SEED-LPDH College Section 04/02/2013   R 724 .A172 2006 SSLC1147 04/20/2017 1 11/06/2013 Books

Bioethics for students /

APA

Alora D. A. T., . (2006). Bioethics for students. Manila: UST Publishing House.

Chicago

Alora Dr Angeles Tan, . 2006. Bioethics for students. Manila: UST Publishing House.

Harvard

Alora D. A. T., . (2006). Bioethics for students. Manila: UST Publishing House.

MLA

Alora Dr Angeles Tan, . Bioethics for students. Manila: UST Publishing House. 2006.

  • Place hold
  • Print
  • Cite
  • Add to your cart (remove)
  • Save record
    BIBTEX Dublin Core MARCXML MARC (non-Unicode/MARC-8) MARC (Unicode/UTF-8) MARC (Unicode/UTF-8, Standard) MODS (XML) RIS
  • More searches
    Search for this title in:
    Other Libraries (WorldCat) Other Databases (Google Scholar) Online Stores (Bookfinder.com) Open Library (openlibrary.org)

Exporting to Dublin Core...

SOUTHVILLE LIBRARY

Southville International School and Colleges Library

1281 Tropical Ave. Cor. Luxembourg St., BF Homes International, Las Pinas City

Tel. No. 8256374 / 252358 Loc. 117/146

Powered by Koha